| Tag |
First Indicator |
Second Indicator |
Subfields |
| LEADER |
00000cam a2200000I 4500 |
| 001 |
in00002678430 |
| 005 |
20151202121223.0 |
| 008 |
750327s1964 dcu 000 0 eng d |
| 035 |
|
|
|a (OCoLC)ocm01240614
|
| 035 |
|
|
|a (OCoLC)1240614
|
| 040 |
|
|
|a UDI
|c UDI
|d OCL
|d UtOrBLW
|
| 049 |
|
|
|a TXAM
|
| 086 |
0 |
|
|a I 49.4:183
|
| 090 |
|
|
|a SK361.A2
|b C2 no.183
|
| 110 |
1 |
|
|a United States.
|b Bureau of Commercial Fisheries.
|b Biological Laboratory (Galveston, Tex.)
|
| 245 |
1 |
0 |
|a Biological Laboratory, Galveston, Tex. fishery research :
|b for the year ending June 30, 1963.
|
| 264 |
|
1 |
|a Washington :
|b The Bureau,
|c 1964.
|
| 300 |
|
|
|a iv, 106 pages :
|b illustrations ;
|c 26 cm.
|
| 336 |
|
|
|a text
|b txt
|2 rdacontent
|
| 337 |
|
|
|a unmediated
|b n
|2 rdamedia
|
| 338 |
|
|
|a volume
|b nc
|2 rdacarrier
|
| 490 |
1 |
|
|a Circular ;
|v 183
|
| 490 |
1 |
|
|a Contribution ;
|v no. 183
|
| 650 |
|
0 |
|a Shrimps
|x Research.
|
| 710 |
1 |
|
|a United States.
|b Bureau of Commercial Fisheries.
|
| 810 |
1 |
|
|a United States.
|b Bureau of Commercial Fisheries.
|b Biological Laboratory, Galveston, Tex.
|t Contribution ;
|v no. 183.
|
| 830 |
|
0 |
|a Circular (U.S. Fish and Wildlife Service) ;
|v 183.
|
| 994 |
|
|
|a C0
|b TXA
|
| 948 |
|
|
|a cataloged
|b h
|c 2011/05/03
|e zprado
|f 10:53:50 am
|
| 999 |
|
|
|a MARS
|
| 999 |
f |
f |
|s 4ed1ac1f-8c10-373e-8fe6-b7ba08dc95ba
|i 88b1dc57-41f2-3edc-938a-10953b322afa
|t 0
|
| 952 |
f |
f |
|p noncirc
|a Texas A&M University
|b College Station
|c Sterling C. Evans Library
|d Evans: US Documents (Annex 5th floor)
|t 0
|e I 49.4:183
|h Superintendent of Documents classification
|i unmediated -- volume
|m A14839060872
|
| 998 |
f |
f |
|a I 49.4:183
|t 0
|l Evans: US Documents (Annex 5th floor)
|